000 00273nam a2200097Ia 4500
001 782042
005 20250826170156.0
008 250824s9999 xx 000 0 und d
245 0 _aŞİRİN / Başkan olmak kolay mı ?
_cBİRSEN EKİM ÖZEN
260 _bTİMAŞ ÇOCUK YAYINLARI
999 _c782042
_d782042